[SODEP'in çeşitli raporları] (Record no. 8298)
[ view plain ]
| 000 -BAŞLIK | |
|---|---|
| Sabit Uzunlukta Kontrol Alanı | 01596na a2200289 4500 |
| 001 - KONTROL NUMARASI | |
| Denetim Alanı | 22650 |
| 003 - KONTROL NUMARASI IDENTIFIER | |
| Denetim Alanı | MIRAKIL |
| 005 - SON İŞLEM TARİHİ VE ZAMANI | |
| Denetim Alanı | 20181213155206.0 |
| 008 - SABİT-BOY VERİ ELEMANLARI - GENEL BİLGİLER | |
| Sabit Uzunlukta Kontrol Alanı | 170221b tu 000 0 |
| 040 ## - KATALOGLAMA KAYNAK | |
| Orijinal Kataloglama Ajansı | Milas |
| Kataloglama Dili | tur |
| Metne Dönüştürmek Ajansı | TR-AnCHP |
| 041 ## - DİL KODU | |
| Metin / Ses Parça Veya Ayrı Başlığın Dil Kodu | tur |
| 082 ## - DEWEY ONLU SINIFLANDIRMA NUMARASI | |
| Sınıflandırma Numarası | SODEP 324.172 |
| Ürün Numarası | S62 [1984-85] |
| 090 ## - SINIFLAMA NUMARASI | |
| Sınıflama Numarası | SODEP 324.172 S62 [1984-85] |
| 110 ## - ANA GİRİŞ - KURUMSAL ADI | |
| Giriş Elemanı Olarak Kurumsal Ad Veya Yargı Alanı Adı | Sosyal Demokrasi Partisi (SODEP) |
| 245 ## - BAŞLIK TABLOSU | |
| Başlık | [SODEP'in çeşitli raporları] |
| Sorumluluk Tablosu, Vb | SODEP |
| 260 ## - YAYIN, DAĞITIM, VB | |
| Yayın, Dağıtım, Vb Yeri | Ankara |
| Yayıncı, Dağıtıcı, Vs Adı | SODEP |
| Yayın, Dağıtım, Vb Tarihi | 1983-1984 |
| 300 ## - FİZİKSEL TANIM | |
| Kapsam | c. |
| Boyutlar | 30 |
| 440 ## - SERİSİ TABLOSU / KATMA GİRİŞİ - BAŞLIK | |
| Başlık | SODEP yayınları |
| 505 ## - BİÇİMLENDİRİLDİ İÇİNDEKİLER NOT | |
| Biçimlendirilmiş İçeriği Dikkat | Bağımsızlık - SODEP merkez karar ve yönetim kurulu Türk kamuoyuna aşağıdaki görüşlerini sunmaya karar vermiştir (28 Haziran 1985) - The protocol of unification and merger between the populist party and the party of social democracy - Tüzük komisynunun ara raporu - SODEP "işçi-memur komisyonu" çalışma yöntemi üzerine öneriler, SODEP hesap planı - SODEP kültür ve sanat raporu -SODEP işçi-memur sorunları -- SODEP'in ekonomik ve sosyal konulara bakışı / İzmir İl örgütü, sosyal demokrasi anlayışı, SODEP'in DSP raporu - İstihdam ve işsizlik, para ve kredi politikası, TRT raporu - Tüzük değişikliği ile ilgili bilgi -Program taslağı (1 Haziran 1983) - SODEP Kamu fonları -SODEP 1. Küçük kongre bildirisi (14 Nisan 1984) - SODEP il genel meclisi üye seçimleri listesi |
| 610 ## - KONU KATMA GİRİŞ - TOPLANTI ADI | |
| Giriş Elemanı Olarak Kurumsal Ad Veya Yargı Alanı Adı | SODEP |
| Genel Alt Bölüm | Komisyon raporları |
| 610 ## - KONU KATMA GİRİŞ - TOPLANTI ADI | |
| Giriş Elemanı Olarak Kurumsal Ad Veya Yargı Alanı Adı | SODEP |
| Genel Alt Bölüm | Programlar |
| 610 ## - KONU KATMA GİRİŞ - TOPLANTI ADI | |
| Giriş Elemanı Olarak Kurumsal Ad Veya Yargı Alanı Adı | SODEP |
| Genel Alt Bölüm | Raporlar |
| 610 ## - KONU KATMA GİRİŞ - TOPLANTI ADI | |
| Giriş Elemanı Olarak Kurumsal Ad Veya Yargı Alanı Adı | SODEP |
| Genel Alt Bölüm | Tüzük ve yönetmelikler |
| 710 ## - KATMA GİRİŞ - KURUMSAL ADI | |
| Giriş Elemanı Olarak Kurumsal Ad Veya Yargı Alanı Adı | SODEP |
| 942 ## - EKLENDİ GİRİŞ ELEMANLARI (KOHA) | |
| Sınıflandırma Veya Raf Düzeni Kaynak | |
| Koha Öğesi Türü | Books |
| 999 ## - SİSTEM KONTROL NUMARALARI (KOHA) | |
| Koha Biblionumber | 8298 |
| Koha Biblioitemnumber | 8298 |
| Kalıcı Konum | Mevcut Konum | Edinme Tarihi | Edinim Kaynak | Toplam Check-Out'Lar | Tam Çağrı Numarası | Barkod | Tarih Son Görülme | İtibaren Geçerli Fiyatlar | Sigara Kamu Notu | Koha Öğesi Türü |
|---|---|---|---|---|---|---|---|---|---|---|
| CHP Kütüphanesi | CHP Kütüphanesi | 02/21/2017 | Bağış | SODEP 324.172 S62 [1984-85] | 016231 | 02/21/2017 | 02/21/2017 | Klasör | Books |
